Các bài tập lập trình bằng ngôn ngữ Assembler /
Uloženo v:
| Hlavní autor: | |
|---|---|
| Médium: | Sách giấy |
| Jazyk: | Vietnamese |
| Vydáno: |
H. :
Khoa học và Kỹ thuật,
2007.
|
| Vydání: | Tái bản lần thứ tư, có sửa chữa. |
| Témata: | |
| Tagy: |
Přidat tag
Žádné tagy, Buďte první, kdo otaguje tento záznam!
|
| Thư viện lưu trữ: | Thư viện Trường Đại học Đà Lạt |
|---|
| LEADER | 00841nam a2200313 4500 | ||
|---|---|---|---|
| 001 | DLU080061628 | ||
| 005 | ##20080103 | ||
| 040 | # | # | |a DLU |b vie |
| 041 | # | # | |a vie |
| 044 | # | # | |a vn |
| 082 | # | # | |a 005.133 |b DA-P |
| 100 | # | # | |a Đặng Thành Phu. |
| 245 | # | # | |a Các bài tập lập trình bằng ngôn ngữ Assembler / |c Đặng Thành Phu. |
| 250 | # | # | |a Tái bản lần thứ tư, có sửa chữa. |
| 260 | # | # | |a H. : |b Khoa học và Kỹ thuật, |c 2007. |
| 300 | # | # | |a 303 tr. ; |c 21 cm. |
| 504 | # | # | |a Tài liệu tham khảo: tr.303. |
| 653 | # | # | |a Ngôn ngữ Assembler |
| 653 | # | # | |a Ngôn ngữ lập trình |
| 923 | # | # | |a 24/2007 |
| 992 | # | # | |a 38000 |
| 994 | # | # | |a DLU |
| 900 | # | # | |a True |
| 911 | # | # | |a Nguyễn Thanh Hương |
| 925 | # | # | |a G |
| 926 | # | # | |a A |
| 927 | # | # | |a SH |
| 980 | # | # | |a Thư viện Trường Đại học Đà Lạt |